Find 7 Cities: South Pacific Quiz Stats

 Plays Quiz Updated Feb 19, 2021

Support Sporcle.
Go Orange.
Score 0/7 Timer 02:30
0 Plays Today
% Correct
Suva
76%
Nouméa
67.9%
Port Vila
65.6%
Honiara
64.4%
Funafuti
62.9%
Nukuʻalofa
62.7%
Apia
60.4%

You're not logged in!

Compare scores with friends on all Sporcle quizzes.
OR
Log In

From the Vault

Code Cracker! XXV

by hockeystix3

This is no time for wisecracking.
Remove Ads.
Support Sporcle.
Get the best of Sporcle when you Go Orange. This ad-free experience offers more features, more stats, and more fun while also helping to support Sporcle. Thank you for becoming a member.

Show Comments

Extras

Top Quizzes Today


Score Distribution

Your Account Isn't Verified!

In order to create a playlist on Sporcle, you need to verify the email address you used during registration. Go to your Sporcle Settings to finish the process.

Report this User

Report this user for behavior that violates our Community Guidelines.

Details: